LEADER 00681nim a2200181 i 4500 001 000000342684 003 CaOOAMICUS 005 20221005102929.0 008 201026s2014 it uuuu u ita u 013 $a64230 040 $aSeMil$bita 245 10$aConvegno ecclesiale nazionale : Firenze, 9-13 novembre 2015 . 300 $a1 CD 711 2 $aConvegno Ecclesiale Nazionale <5. ; 2015 ; Firenze>.$0(OLS)http://semarc/name/110367 850 $aSeMil 852 $aSeMil$W1$xVenegono$y1$mMM A 80$j224496$B235572$CSeMilBibl$Z2$F235572 $8I 996 $6245$aConvegno ecclesiale nazionale : Firenze, 9-13 novembre 2015 $9(OLS)http://semarc/title/431540 LEADER 01204nam a2200217 4500 001 000000350960 003 CaOOAMICUS 005 20260205144148.0 008 220719s1932 it 000 u lat r 040 $aSeMil$bita 041 0 $alat 245 00$aOrdo divini officii recitandi sacrique peragendi ritum romano-monasticum in ecclesiis et oratoriis Congregationis Beuronensis osb pro anno domini bissextili 1932... Domini Raphaelis archiabbatis S. Martini de Beuron. 264 1$aBeuron :$bTypis S. Martini De Beuron,$c1932. 300 $a176 p. ;$c17 cm 650 4$aCongregazioni religiose.$0(OLS)http://semarc/subject/16393 650 4$aCalendario Liturgico.$0(OLS)http://semarc/subject/59495 850 $aSeMil 852 $aSeMil$W1$xVenegono$y1$m5B III 3/7$j233623$B242009$CSeMilBibl$Z2$F242009 $81 996 $6245$aOrdo divini officii recitandi sacrique peragendi ritum romano-monasticum in ecclesiis et oratoriis Congregationis Beuronensis osb pro anno domini bissextili 1932... Domini Raphaelis archiabbatis S. Martini de Beuron$9(OLS)http://semarc/title/440768 996 $6264$aBeuron :$bTypis S. Martini De Beuron$9(OLS)http://semarc/publisher/60524